Equipos con internacionales españoles 2019/2020 - Estadísticas

Estadísticas generales
  • Esta prueba ha sido intentada 533 veces
  • La puntuación promedio es 13 de 18
Estadísticas de respuestas
Nº Internacionales españoles (2019/2020) Equipo % Correcto
4 Barcelona (J.Alba, Piqué, Busquets, S.Roberto)
96%
6 Real Madrid (Ramos, Nacho, Carvajal, Isco, Asensio, L.Vázquez)
96%
8 Athletic de Bilbao (I. Martínez, U.Núñez, San José, Beñat, R.García, Williams, Muniain, Aduriz)
92%
6 Atlético de Madrid (Hermoso, Koke, Saúl, Vitolo, Morata, D.Costa)
92%
4 Sevilla (Navas, Nolito, Suso, Munir)
90%
6 Betis (Bartra, Canales, J.García, Joaquín, Tello, Juanmi)
87%
3 Valencia (Gayá, Parejo, Rodrigo)
87%
4 Real Sociedad (Monreal, Llorente, Illarra, Oyarzabal)
85%
2 Manchester City (R.Hernández, Silva)
78%
2 Manchester United (De Gea, Mata)
70%
9 Villarreal (Asenjo, A.Moreno, Albiol, M.Gaspar, P.Torres, Cazorla, Bruno, G. moreno. Alcácer)
70%
4 Chelsea (Kepa, Azpilicueta, M.Alonso, Pedro)
65%
3 Celta (Brais, D.Suárez, Aspas)
64%
3 Bayern Munich (Odriozola, Thiago, J.Martínez)
60%
3 PSG (Bernat, Herrera, Sarabia)
59%
2 Arsenal (Bellerín, Ceballos)
52%
2 Espanyol (D.López, Iturraspe)
50%
2 Napoles (F.Ruiz, Callejón)
25%
No se encontraron pruebas coincidentes
Distribución de puntuación
Porcentaje de gente con cada puntuación
Porcentaje por número respondido
Historial de tus puntuaciones
No has intentado esta prueba.